[Event "Manizales Feria op 29th"]
[Site "Manizales"]
[Date "2024.01.08"]
[Round "6"]
[White "Agon Llanos, Alvaro"]
[Black "Avella Munoz, Andrea"]
[Result "1-0"]
[WhiteElo "1713"]
[BlackElo "1472"]
[PlyCount "107"]
[EventDate "2024.01.05"]
[EventType "swiss"]
[EventRounds "7"]
[EventCountry "COL"]
[SourceTitle "CBM 218 Extra"]
[Source "ChessBase"]
[SourceDate "2024.03.31"]
[SourceVersion "1"]
[SourceVersionDate "2024.03.31"]
[SourceQuality "1"]

1. d4 e6 2. c4 d5 3. Nc3 Nf6 4. Bg5 Be7 5. Nf3 h6 6. Bh4 Nc6 7. e3 0-0 8. Bd3 Nb4 9. Be2 Ne4 10. Bxe7 Qxe7 11. a3 Nc6 12. cxd5 Nxc3 13. bxc3 exd5 14. h3 f5 15. Qb3 Qe4 16. 0-0-0 Na5 17. Qb5 b6 18. Bd3 Qe7 19. Qb4 Qd8 20. Ne5 c5 21. dxc5 bxc5 22. Qb1 Qf6 23. f4 Be6 24. Kd2 Rab8 25. Qc2 d4 26. c4 dxe3+ 27. Kxe3 Nc6 28. Qf2 Nd4 29. Rb1 Bf7 30. Qg3 Rfe8 31. Rhe1 Rxb1 32. Rxb1 Nc6 33. Kf2 Nxe5 34. fxe5 Rxe5 35. Rb7 Qd6 36. Rb3 Qd4+ 37. Kf1 Bg6 38. Qf3 Re3 39. Qd5+ Qxd5 40. cxd5 f4 41. Rb8+ Re8 42. Rb3 Bxd3+ 43. Rxd3 Re3 44. Rxe3 fxe3 45. Ke2 Kf7 46. Kxe3 Ke7 47. Ke4 Kd7 48. Kd3 g5 49. a4 a6 50. a5 h5 51. Kc4 g4 52. hxg4 hxg4 53. g3 Ke7 54. Kxc5 1-0

[Event "Manizales Feria op 29th"]
[Site "Manizales"]
[Date "2024.01.07"]
[Round "4"]
[White "Agon Llanos, Alvaro"]
[Black "Bode Polanco, Michael Steven"]
[Result "1-0"]
[WhiteElo "1713"]
[BlackElo "1326"]
[PlyCount "59"]
[EventDate "2024.01.05"]
[EventType "swiss"]
[EventRounds "7"]
[EventCountry "COL"]
[SourceTitle "CBM 218 Extra"]
[Source "ChessBase"]
[SourceDate "2024.03.31"]
[SourceVersion "1"]
[SourceVersionDate "2024.03.31"]
[SourceQuality "1"]

1. d4 Nf6 2. c4 g6 3. Nc3 d5 4. Nf3 Bg7 5. Bg5 0-0 6. e3 c6 7. Bd3 dxc4 8. Bxc4 Bf5 9. 0-0 Ne4 10. Bf4 Qb6 11. Qb3 Qxb3 12. Bxb3 Nd7 13. h3 Ndf6 14. Rfd1 c5 15. d5 Nxc3 16. bxc3 Ne4 17. Be5 Nxc3 18. Re1 Bxe5 19. Nxe5 Rad8 20. f3 Nb5 21. a4 Nd6 22. e4 Bc8 23. Nc4 Nxc4 24. Bxc4 f5 25. Rad1 Kg7 26. e5 b6 27. a5 bxa5 28. Ra1 e6 29. d6 Rf7 30. Rxa5 1-0

[Event "COL-ch U2000"]
[Site "Villamaria"]
[Date "2019.11.04"]
[Round "7"]
[White "Montoya, Duvan"]
[Black "Agon Llanos, Alvaro"]
[Result "1-0"]
[WhiteElo "1858"]
[BlackElo "1809"]
[PlyCount "63"]
[EventDate "2019.11.01"]
[EventType "swiss"]
[EventRounds "7"]
[EventCountry "COL"]
[SourceTitle "CBM 193 Extra"]
[Source "ChessBase"]
[SourceDate "2020.01.31"]
[SourceVersion "1"]
[SourceVersionDate "2020.01.31"]
[SourceQuality "1"]

1. e4 e5 2. f4 exf4 3. Nf3 g5 4. Bc4 g4 5. Bxf7+ Kxf7 6. Ne5+ Ke8 7. 0-0 f3 8. Nxg4 fxg2 9. Rf2 h5 10. Qf3 Qe7 11. Ne5 Bg7 12. Ng6 Qf6 13. Qg3 Qxf2+ 14. Kxf2 Bd4+ 15. Kxg2 h4 16. Qf3 h3+ 17. Kf1 d6 18. Qf8+ Kd7 19. Nxh8 Bxh8 20. Qxg8 Be5 21. d4 Bxd4 22. Qg4+ Kc6 23. Qxc8 Be5 24. Qe8+ Kb6 25. Be3+ c5 26. Nc3 a6 27. Nd5+ Ka7 28. Nc7 Bxh2 29. b4 Be5 30. bxc5 Bxa1 31. c6+ b6 32. Qc8 1-0

[Event "COL-ch U2000"]
[Site "Villamaria"]
[Date "2019.11.03"]
[Round "5"]
[White "Gomez Viana, Duvan Leandro"]
[Black "Agon Llanos, Alvaro"]
[Result "1-0"]
[WhiteElo "1807"]
[BlackElo "1809"]
[PlyCount "135"]
[EventDate "2019.11.01"]
[EventType "swiss"]
[EventRounds "7"]
[EventCountry "COL"]
[SourceTitle "CBM 193 Extra"]
[Source "ChessBase"]
[SourceDate "2020.01.31"]
[SourceVersion "1"]
[SourceVersionDate "2020.01.31"]
[SourceQuality "1"]

1. e4 e5 2. Nf3 Nc6 3. Bb5 a6 4. Ba4 Nf6 5. 0-0 b5 6. Bb3 Na5 7. Nxe5 Nxb3 8. axb3 Bc5 9. d3 0-0 10. Be3 Bxe3 11. fxe3 d5 12. exd5 Qxd5 13. Nf3 Bg4 14. Nc3 Qc5 15. Qd2 Rfe8 16. d4 Qb6 17. Ne5 Rad8 18. Rxf6 Qxf6 19. Nxg4 Qe6 20. Qe2 h5 21. Ne5 f6 22. Nd3 Qxe3+ 23. Qxe3 Rxe3 24. Rxa6 Rxd4 25. Nxb5 Rg4 26. Kf2 Rge4 27. Nc3 Re7 28. Rc6 R3e6 29. Rc5 g5 30. Nd5 Rf7 31. Nxc7 Rd6 32. Nd5 Kg7 33. c4 Rfd7 34. N3b4 Rb7 35. h3 Kg6 36. g4 hxg4 37. hxg4 Rh7 38. Kg3 Rh1 39. Ne7+ Kf7 40. Nbd5 Rg1+ 41. Kf3 Rf1+ 42. Kg2 Rb1 43. Rb5 Re6 44. Rb7 Rxb2+ 45. Kf3 Rbe2 46. Nf5+ Kg8 47. Nde7+ Kf8 48. Ng6+ Ke8 49. Ng7+ Kd8 50. Nxe6+ Rxe6 51. Re7 Rb6 52. Re3 Ra6 53. Nf8 Ra1 54. Ne6+ Kd7 55. Nc5+ Kc6 56. Nd3 Rf1+ 57. Ke4 Rb1 58. b4 Rg1 59. Kf5 Rf1+ 60. Kg6 Rg1 61. Re6+ Kd7 62. Nc5+ Kc7 63. Re4 Rf1 64. Rd4 Kc6 65. Nd7 Rf4 66. Rxf4 gxf4 67. Nxf6 Kd6 68. Kf5 1-0

[Event "Caldense-ch"]
[Site "Manizales"]
[Date "2017.10.29"]
[Round "8"]
[White "Agon Llanos, Alvaro"]
[Black "Soto, Jonathan"]
[Result "1/2-1/2"]
[WhiteElo "1808"]
[BlackElo "1874"]
[PlyCount "46"]
[EventDate "2017.10.26"]
[EventType "swiss"]
[EventRounds "8"]
[EventCountry "COL"]
[SourceTitle "CBM 181 Extra"]
[Source "ChessBase"]
[SourceDate "2017.12.12"]
[SourceVersion "1"]
[SourceVersionDate "2017.12.12"]
[SourceQuality "1"]

1. d4 d5 2. c4 e6 3. Nc3 Nf6 4. e3 c5 5. Nf3 cxd4 6. exd4 Nc6 7. cxd5 Nxd5 8. Bb5 Qd6 9. 0-0 Bd7 10. Re1 Be7 11. Bxc6 Bxc6 12. Ne5 Bf6 13. Nxc6 Qxc6 14. Nxd5 Qxd5 15. Qa4+ Qd7 16. Qxd7+ Kxd7 17. Bf4 Rac8 18. Rac1 Rxc1 19. Rxc1 Rc8 20. Rxc8 Kxc8 21. Be5 Be7 22. Kf1 Kd7 23. Ke2 f6 1/2-1/2

[Event "Villamaria op 2nd"]
[Site "Villamaria"]
[Date "2016.07.03"]
[Round "4"]
[White "Agon Llanos, Alvaro"]
[Black "Pena, Julian Felipe"]
[Result "1-0"]
[WhiteElo "1683"]
[BlackElo "1652"]
[PlyCount "53"]
[EventDate "2016.07.02"]
[EventType "swiss"]
[EventRounds "7"]
[EventCountry "COL"]
[SourceTitle "CBM 173 Extra"]
[Source "ChessBase"]
[SourceDate "2016.08.29"]
[SourceVersion "1"]
[SourceVersionDate "2016.08.29"]
[SourceQuality "1"]

1. d4 Nf6 2. c4 c5 3. d5 b5 4. Nc3 b4 5. Na4 d6 6. b3 g6 7. Nb2 Bg7 8. f3 0-0 9. e4 e6 10. Bd3 exd5 11. cxd5 Nbd7 12. Ne2 Ne5 13. 0-0 Nxd3 14. Qxd3 a5 15. Rb1 Ba6 16. Nc4 Nd7 17. Bf4 Ne5 18. Bxe5 Bxe5 19. f4 Bg7 20. Qg3 Re8 21. Qf3 Bb7 22. Ng3 a4 23. f5 Rf8 24. f6 Bh8 25. Kh1 axb3 26. axb3 Ra2 27. Nf5 1-0